[Event "Vall del Tenes op 5th"]
[Site "Vall del Tenes"]
[Date "2016.05.06"]
[Round "5"]
[White "Rifa Corominola, Jordi"]
[Black "Amat Domenech, Carles"]
[Result "1/2-1/2"]
[WhiteElo "1598"]
[BlackElo "1737"]
[PlyCount "91"]
[EventDate "2016.04.08"]
[EventType "swiss"]
[EventRounds "8"]
[EventCountry "ESP"]
[SourceTitle "CBM 172 Extra"]
[Source "ChessBase"]
[SourceDate "2016.06.21"]
[SourceVersion "1"]
[SourceVersionDate "2016.06.21"]
[SourceQuality "1"]

1. e4 b6 2. d4 Bb7 3. Bd3 e6 4. Nf3 Be7 5. 0-0 d6 6. c4 Nd7 7. Nc3 a6 8. a3 h6 9. b4 Ngf6 10. Qe2 Nh7 11. Bb2 g5 12. e5 g4 13. Nd2 dxe5 14. dxe5 Ng5 15. Nce4 Rg8 16. Ng3 h5 17. Rfd1 h4 18. Nge4 Bf8 19. Nf6+ Nxf6 20. exf6 Nf3+ 21. Kh1 Nxd2 22. Rxd2 Qc8 23. Re1 h3 24. Kg1 Bxg2 25. Bf5 Rg5 26. Bxg4 c5 27. f4 Rxg4 28. Qxg4 cxb4 29. axb4 Qxc4 30. Rxe6+ Qxe6 31. Re2 Be4 32. Qxe6+ fxe6 33. Rxe4 Kf7 34. Kf2 a5 35. bxa5 Rxa5 36. Kg3 Ra2 37. Be5 Ra3+ 38. Kg4 Bc5 39. Re2 Rb3 40. Rd2 Rb1 41. Kxh3 Rg1 42. Rg2 Rxg2 43. Kxg2 Kg6 44. Kf3 b5 45. Ke2 Kf7 46. Kd3 1/2-1/2

[Event "Llinars del Valles op-B 7th"]
[Site "Llinars del Valles"]
[Date "2013.05.18"]
[Round "5"]
[White "Lara Meca, Miguel"]
[Black "Rifa Corominola, Jordi"]
[Result "1-0"]
[WhiteElo "1506"]
[BlackElo "1857"]
[PlyCount "69"]
[EventDate "2013.04.13"]
[EventType "swiss"]
[EventRounds "7"]
[EventCountry "ESP"]
[SourceTitle "CBM 154 Extra"]
[Source "ChessBase"]
[SourceDate "2013.06.25"]
[SourceVersion "2"]
[SourceVersionDate "2013.06.25"]
[SourceQuality "1"]

1. e4 c5 2. Nc3 Nc6 3. g3 d6 4. Bg2 Nf6 5. h3 g6 6. d3 Bg7 7. f4 Nd4 8. Nce2 Nc6 9. Nf3 Qb6 10. 0-0 c4+ 11. Kh2 cxd3 12. cxd3 0-0 13. g4 h6 14. Ng3 Nd7 15. f5 g5 16. Nh5 Bxb2 17. Bxb2 Qxb2 18. d4 f6 19. Re1 b6 20. Re2 Qb5 21. Rb1 Qa5 22. Qb3+ Kh8 23. e5 dxe5 24. dxe5 Ndxe5 25. Nxe5 Nxe5 26. Bxa8 Ba6 27. Bf3 Bxe2 28. Bxe2 Qd2 29. Rb2 Qd6 30. Ng3 Qd4 31. Bb5 Qf4 32. Rg2 Nf3+ 33. Kh1 Qc1+ 34. Nf1 Nd2 35. Rxd2 1-0

[Event "Llinars del Valles op-B 7th"]
[Site "Llinars del Valles"]
[Date "2013.05.04"]
[Round "4"]
[White "Rifa Corominola, Jordi"]
[Black "Giro Castellet, Esteve"]
[Result "1-0"]
[WhiteElo "1857"]
[BlackElo "1614"]
[PlyCount "80"]
[EventDate "2013.04.13"]
[EventType "swiss"]
[EventRounds "7"]
[EventCountry "ESP"]
[SourceTitle "CBM 154 Extra"]
[Source "ChessBase"]
[SourceDate "2013.06.25"]
[SourceVersion "2"]
[SourceVersionDate "2013.06.25"]
[SourceQuality "1"]

1. e4 c5 2. Nf3 Nc6 3. d4 cxd4 4. Nxd4 e5 5. Nb5 d6 6. Be3 Nf6 7. f3 Be7 8. N1c3 Be6 9. Be2 0-0 10. 0-0 Nh5 11. Nd5 Bg5 12. f4 Nxf4 13. Bxf4 exf4 14. Nbc3 a6 15. Kh1 Ne5 16. Nxf4 Bxf4 17. Rxf4 Qg5 18. Rf1 Rad8 19. Nd5 Ng6 20. Rf3 Bxd5 21. Qxd5 Qe7 22. Raf1 Rd7 23. Rb3 Rc7 24. c4 Ne5 25. Rd1 Rd8 26. Rb6 Nc6 27. a3 Qf6 28. Rf1 Qe7 29. Rb3 Ne5 30. Rc3 Rc5 31. Qd2 Rdc8 32. b3 b5 33. Re1 bxc4 34. bxc4 Qe6 35. Qc2 Nc6 36. Bf3 Nd4 37. Qd1 Qe5 38. Qa4 Nb5 39. Rb3 Qd4 40. Qxa6 Rxc4 1-0